00267nam a2200097Ia 4500008004100000100001900041245005600060260002800116300000900144650001600153191201s2011 xx 000 0 und d aSENIOR, John M 0aOptical Fiber Communication Principles and Practice aN. DelhibPearsonc2011 a1076 aB.Tech(ECE)